000 00886cam a2200217Ia 4500
040 _cFUG
082 _a362 UNI 1997 A066 Or.
100 1 _aReddy, Amulya K. N
245 1 0 _aEnergy after Rio :
_bprospects and challenges /
260 _aNew York :
_bUnited Nations Development Programme, c1997
300 _axii, 176 p. :
_bill. (some col.), maps ;
_c28 cm
500 _a"United Nations Development Programme in collaboration with International Energy Initiative and Energy 21 Stockholm Environment Institute and in consultation with Secretariat of the United Nations Commission on Sustainable Development."
650 0 _aEnergy industries
650 0 _aSustainable development
650 0 _aEnergy industries
650 0 _aPower resources
700 1 _aWilliams, Robert H.,
700 1 _aJohansson, Thomas B.,
710 2 _aUnited Nations Development Programme
942 _cEK
999 _c14220
_d14220